| 000 | 00811nam a22002297a 4500 | ||
|---|---|---|---|
| 999 |
_c9480 _d9480 |
||
| 001 | 9480 | ||
| 003 | BD-JhCC | ||
| 005 | 20180521101920.0 | ||
| 008 | 180315b1967 bg ||||| |||| 00| 0 eng d | ||
| 035 | _a(BD-JhCC)9480 | ||
| 040 |
_aBD-JhCC _dBD-JhCC |
||
| 041 | _aben | ||
| 082 |
_a327.1 _bCRA 1967 |
||
| 100 | _aক্রামিশ, আরনল্ড | ||
| 245 |
_aশান্তিবিদ পরমানু ও পররাষ্ট্র নীতি / _cআরনল্ড ক্রামিশ, মীর আবু সালেক (অনু.) |
||
| 260 |
_aঢাকা : _bখোশরোজ কিতাব মহল, _c১৯৬৭. |
||
| 300 |
_a311 p. : _c22 cm. |
||
| 650 | _aDiplomatic relation | ||
| 700 | _aসালেক, মীর আবু | ||
| 942 |
_2ddc _cBK |
||